000 02529cam a2200361 i 4500
001 23209399
005 20250404122150.0
008 230630s2024 enk b 001 0 eng
010 _a 2023021336
020 _a9781032486024
020 _a9781032486031
020 _z9781003389842
041 _aeng
042 _apcc
082 0 0 _a658.05 MOG
100 1 _aMogaji, Emmanuel,
245 1 0 _aDigital Consumer Management: Understanding and Managing Consumer Engagement in the Digital Environment
260 _aNew York
_bRoutledge
_c2024
264 1 _aLondon ;
_aNew York :
_bRoutledge, Taylor & Francis Group,
_c2024.
300 _axv, 237 pages ; 25 cm
336 _atext
_btxt
_2rdacontent
337 _aunmediated
_bn
_2rdamedia
338 _avolume
_bnc
_2rdacarrier
504 _aIncludes bibliographical references and index.
520 _a"Integrating consumer behaviour, digital marketing, digital platform management, web analytics and marketing insights, Digital Consumer Management provides a holistic understanding - from a brand perspective - of the management of consumers and consumption in the digital ecosystem. Chapters explore the key stakeholders in platform management, the multiple types of platforms used by brands, the various consumer-brand touchpoints, how the platforms are developed and with what goals in mind, managing consumer engagement and activities on these platforms, how the platforms are regulated, and the dark side of digital consumption. Theory is brought to life by practical examples and case studies from across sectors, and reflective questions and activities allow students to critically reflect on their learning. Providing a comprehensive picture of digital consumption activities, digital consumer behaviour across platforms, and how brands can manage and engage with the digital consumer, this text works as core and recommended reading for students studying digital consumer behaviour, digital marketing and marketing management. Accompanying online resources include PowerPoint slides and an instructor's manual"--
650 0 _aInformation technology
650 0 _aTechnological innovations
650 0 _aIndustrial management
776 0 8 _iOnline version:
_aMogaji, Emmanuel.
_tDigital consumer management
_dAbingdon, Oxon ; New York, NY : Routledge, 2024
_z9781003389842
_w(DLC) 2023021337
906 _a7
_bcbc
_corignew
_d1
_eecip
_f20
_gy-gencatlg
942 _cBK
999 _c43555
_d43555